Mašinnyje metody matematičeskich vyčislenij.

Uložené v:
Podrobná bibliografia
Hlavný autor: FORSYTHE, G.E (Author)
Médium: Kniha
Jazyk:Russian
Vydané: 1980
Tagy: Pridať tag
Žiadne tagy, Buďte prvý kto otaguje tento záznam!

MARC

LEADER 00000nam a2200000 a 4500
001 000127310
005 00000000000000.0
008 040101s1980 e ruso
041 0 |a rus 
100 1 |a FORSYTHE, G.E.  |4 aut 
245 1 0 |a Mašinnyje metody matematičeskich vyčislenij. 
260 |c 1980 
500 |a Záznam neprešiel kontrolou 
910 |a svkkk 
998 |a BK 
090 |g SCKHL  |k Sklad Pribinova 2. posch.  |a III.118562  |j 630870  |i 127310-10  |4 Zastaraná  |s Vyradená